000 00444nam a2200181Ia 4500
005 20250423101528.0
008 250422s9999 xx 000 0 und d
020 _a1559340711
050 _aBJ 1012 .R82/
100 _aRuggiero, Vincent Ryan
245 0 _aThinking critically about ethical issues
250 _a3rd ed.
260 _bMayfield publishing company
260 _c1992
300 _a188 p
650 _aEthics
942 _cBK
999 _c36553
_d36553